El psicoanalista (Registro nro. 242796)

Detalles MARC
000 -ENCABEZADO
Número de control [NR] 00950cam a2200277Ka 4500
005 - FECHA Y HORA DE LA ÚLTIMA TRANSACCIÓN
control field 20160622153601.0
008 - DE LONGITUD FIJA DE DATOS DE ELEMENTOS - INFORMACIÓN GENERAL
Elementos de longitud fija [NR] 160622m20022005sp gr 000 1 spa d
020 ## - NUMERO INTERNACIONAL NORMALIZADO PARA LIBROS [R]
Número Internacional Normalizado del libro [NR] 8496546489
020 ## - NUMERO INTERNACIONAL NORMALIZADO PARA LIBROS [R]
Número Internacional Normalizado del libro [NR] 9788496546486
035 ## - NUMERO DE CONTROL DEL SISTEMA [R]
Número de control del sistema [NR] (OCoLC)70706019
040 ## - FUENTE DE CATALOGACION [NR]
Agencia de catalogación original [NR] CO-BoUCM
Idioma de catalogación [NR] spa
Quien Cataloga Sandra Palacio
Quien Clasifica Sandra Palacio
041 1# - CODIGO DE IDIOMA [R]
Código de idioma para texto/pista de sonido o título separado [R] Español
100 1# - ASIENTO PRINCIPAL--NOMBRE PERSONAL [NR]
Nombre personal [NR] Katzenbach, John
ID Autoridad 61313
245 13 - MENCION DE TITULO [NR]
Título [NR] El psicoanalista
Mención de responsabilidad, etc. [NR] John Katzenbach ; [traducción Laura Paredes]
260 ## - PUBLICACION, DISTRIBUCION, ETC. (PIE DE IMPRENTA) [R]
Lugar de publicación, distribución, etc. [R] Barcelona (España)
Nombre del editor, distribuidor, etc. [R] Ediciones B
Fecha de publicación, distribución, etc. [R] 2005
300 ## - DESCRIPCION FISICA [R]
Extensión [R] 523 páginas
490 0# - MENCION DE SERIE [R]
Mención de serie [R] Bolsillo Zeta
Designación numérica/secuencial del volumen [NR] 2196/2
650 17 - ASIENTO SECUNDARIO DE MATERIA - TERMINO TEMATICO [R]
Término temático o nombre geográfico como elemento de entrada [NR] Psicoterapeuta y paciente
Subdivisión de forma [R] Novela
9 (RLIN) 77879
650 27 - ASIENTO SECUNDARIO DE MATERIA - TERMINO TEMATICO [R]
Término temático o nombre geográfico como elemento de entrada [NR] Psicoanálisis
Subdivisión de forma [R] Novela
9 (RLIN) 22781
650 27 - ASIENTO SECUNDARIO DE MATERIA - TERMINO TEMATICO [R]
Término temático o nombre geográfico como elemento de entrada [NR] Psicoanalistas
Subdivisión de forma [R] Ficción
9 (RLIN) 77880
650 27 - ASIENTO SECUNDARIO DE MATERIA - TERMINO TEMATICO [R]
Término temático o nombre geográfico como elemento de entrada [NR] Novela estadounidense
9 (RLIN) 20501
690 ## - ASUNTO AGREGADO LOCAL DE ENTRADA - TÉRMINO TEMÁTICO (OCLC, RLIN)
Acceso temático local Literatura estadounidense
9 (RLIN) 18653
700 1# - ASIENTO SECUNDARIO - NOMBRE PERSONAL [R]
Nombre personal [NR] Paredes, Laura
Término de relación [R] traductor
9 (RLIN) 77881
942 ## - ELEMENTOS DE ENTRADA AGREGADOS (KOHA)
Sistema de clasificación DEWEY
Tema principal Literatura
Tipo de ítem principal el descrito en 300a Libro
Edición 1
Clasificación 813.54
Parte restante de la signatura top. K199ps
Existencias
Fecha de último préstamo Total préstamos Total Renewals Signatura topográfica Código de barras Última vez visto Ejemplar Costo de reposición Price effective from Tipo de ítem Perdido Sistema de clasificación Dañado No prestable Tipo de ítem específico Suprimido Ubicación habitual Ubicación actual Localización Fecha de creación Proveedor Forma de adquisición Costo
09/12/2025 33 42 813.54 K199ps 100142380 09/12/2025 Ej.1 26000.00 09/05/2014 Libro   DEWEY     Libro   Claustro Claustro 2do piso 09/05/2014 12 Donación 0.00